25 ciudades más pobladas de Andalucía - Estadísticas

Estadísticas generales
  • Esta prueba ha sido intentada 5.698 veces
    5.648 desde el último reinicio
  • La puntuación promedio es 17 de 25
Estadísticas de respuestas
Pob. Municipio Provincia % Correcto
322 k Córdoba Córdoba
98%
578 k Málaga Málaga
98%
684 k Sevilla Sevilla
98%
200 k Almería Almería
97%
234 k Granada Granada
97%
114 k Cádiz Cádiz
95%
143 k Huelva Huelva
95%
112 k Jaén Jaén
91%
214 k Jerez de la Frontera Cádiz
86%
149 k Marbella Málaga
84%
136 k Dos Hermanas Sevilla
77%
123 k Algeciras Cádiz
63%
89,1 k El Puerto de Santa María Cádiz
63%
82,0 k Fuengirola Málaga
59%
67,9 k Torremolinos Málaga
56%
98,4 k Roquetas de Mar Almería
54%
95,0 k San Fernando Cádiz
53%
70,4 k Benalmádena Málaga
50%
86,5 k Chiclana de la Frontera Cádiz
48%
83,3 k El Ejido Almería
45%
71,7 k Estepona Málaga
42%
69,6 k Sanlúcar de Barrameda Cádiz
42%
83,0 k Vélez-Málaga Málaga
42%
86,6 k Mijas Málaga
35%
75,7 k Alcalá de Guadaíra Sevilla
30%
No se encontraron pruebas coincidentes
Distribución de puntuación
Porcentaje de gente con cada puntuación
Porcentaje por número respondido
Historial de tus puntuaciones
No has intentado esta prueba desde el último reinicio